000 00396nam a2200169Ia 4500
008 230711s9999||||xx |||||||||||||| ||und||
041 _aENG
082 _a677
_bFR-C
100 _aFrampton,Kenneth
245 0 _aCharles correa
250 _a1st . . . . Ed.
260 _c1996
_aBombay
_bThe Perennial Press
300 _a176
650 _aArchitecture
700 _aHas,Mukhrai,B
942 _cBK
999 _c2192
_d2192